Associa il nome, al cognome del regista - Statistics

Statistiche generali
  • Questo quiz è stato fatto 129 volte
  • Il punteggio medio è 36 su 81
Statistiche sulle risposte
Hint Risposta % Corretto
Affleck Ben
95%
Allen Woody
92%
Chaplin Charlie
86%
Argento Dario
85%
Eastwood Clint
80%
Burton Tim
80%
De Sica Vittorio
77%
Pasolini Pier Paolo
75%
Leone Sergio
74%
Hitchcock Alfred
73%
Fellini Federico
73%
Coppola Francis Ford
71%
Scorsese Martin
71%
Tarantino Quentin
70%
Spielberg Steven
68%
Kubrick Stanley
67%
Nolan Christopher
65%
Moretti Nanni
64%
Sorrentino Paolo
63%
Polanski Roman
61%
del Toro Guillermo
56%
Cameron James
56%
Tornatore Giuseppe
55%
Scott Ridley
55%
Scola Ettore
54%
Bergman Ingmar
54%
Brooks Mel
54%
Parenti Neri
54%
Lucas George
52%
Guadagnino Luca
52%
Antonioni Michelangelo
50%
De Palma Brian
49%
Salvatores Gabriele
49%
Bertolucci Bernardo
48%
Capra Frank
48%
Bellocchio Marco
48%
Garrone Matteo
48%
Anderson Wes
48%
Rossellini Roberto
46%
Lee Spike
46%
Kurosawa Akira
45%
Welles Orson
44%
Howard Ron
44%
Ozu Yasujirō
40%
González Iñárritu Alejandro
39%
Cuarón Alfonso
38%
Ritchie Guy
38%
Godard Jean-Luc
36%
Buñuel Luis
36%
Lanthimos Yorgos
36%
Carpenter John
32%
Raimi Sam
32%
Keaton Buster
31%
Fincher David
31%
Petri Elio
31%
Zemeckis Robert
31%
Wilder Billy
29%
Lang Fritz
29%
Lumet Sidney
29%
Gerwig Greta
27%
Bong Joon Ho
27%
Gilliam Terry
27%
Boyle Danny
26%
Bava Mario
26%
Tarkovsky Andrei
24%
Fulci Lucio
23%
Jackson Peter
23%
Park Chan-wook
21%
Chazelle Damien
21%
Mann Michael
21%
Herzog Werner
21%
Miyazaki Hayao
20%
Villeneuve Denis
19%
Snyder Zack
15%
Garland Alex
14%
Noè Gaspar
14%
Fleming Victor
14%
Wyler William
14%
Fennell Emerald
13%
Phillips Todd
13%
McKay Adam
12%
Nessun quiz corrispondente trovato
Distribuzione punteggi
Percentuale di utenti per punteggio
Percentile per numero di risposta
I tuoi punteggi nel tempo
Non hai fatto questo quiz